Normal view
MARC view
- Ionization of gases
Entry Topical Term
001 - CONTROL NUMBER
- control field: 99942
003 - CONTROL NUMBER IDENTIFIER
- control field: NUST
005 - DATE AND TIME OF LATEST TRANSACTION
- control field: 20221011154408.0
008 - FIXED-LENGTH DATA ELEMENTS
- fixed length control field: 221011|| aca||aabn | a|a d
040 ## - CATALOGING SOURCE
- Original cataloging agency: NUST
- Transcribing agency: NUST
150 ## - HEADING--TOPICAL TERM
- Topical term or geographic name entry element: Ionization of gases
670 ## - SOURCE DATA FOUND
- Source citation: Work cat.: (NUST)183298: Danilov, Alekse橠Dmitrievich. 99940, Chemistry of the ionosphere, 1970.
